[Event "Bundesliga 9798"]
[Site "Deutschland"]
[Date "1998.??.??"]
[Round "?.8"]
[White "Rudolf, Henrik"]
[Black "Gauglitz, Gernot"]
[Result "1-0"]
[WhiteElo "2280"]
[BlackElo "2400"]
[PlyCount "91"]
[EventDate "1997.10.??"]
[EventType "team"]
[EventRounds "15"]
[EventCountry "GER"]
[SourceTitle "Bundesliga 9798"]
[Source "DeepChess"]
[SourceDate "2005.01.01"]
[SourceVersion "1"]
[SourceVersionDate "2005.01.01"]
[SourceQuality "1"]
[WhiteTeam "SF Neukoelln 03 e.V."]
[BlackTeam "Dresdner SC 1898"]
[WhiteTeamCountry "GER"]
[BlackTeamCountry "GER"]

1. e4 c5 2. Nf3 Nc6 3. d4 cxd4 4. Nxd4 Nf6 5. Nc3 e5 6. Ndb5 d6 7. a4 Nb4 8.
Bg5 Be6 9. Na3 Rc8 10. Bb5+ Nc6 11. O-O Be7 12. Bxf6 Bxf6 13. Nd5 Bg5 14. Qd3
O-O 15. Rfd1 Kh8 16. c3 f5 17. Nc4 Nb8 18. a5 Rc5 19. Na3 Bxd5 20. exd5 e4 21.
Qe2 a6 22. Bc4 Rc7 23. Nc2 Bf6 24. Nd4 Bxd4 25. Rxd4 Nd7 26. Qd2 Ne5 27. Bf1
Qf6 28. Re1 g5 29. Rb4 g4 30. Qd4 Rg7 31. Be2 Qh4 32. Qe3 Rf6 33. Qf4 Qh5 34.
Rxe4 Qf7 35. Rxe5 dxe5 36. Qxe5 Qe7 37. Bd3 Qxe5 38. Rxe5 f4 39. c4 Rc7 40. b4
b6 41. axb6 Rxb6 42. c5 Rxb4 43. d6 Rd7 44. Rd5 f3 45. c6 Rd8 46. d7 1-0

[Event "Bundesliga 9798"]
[Site "Deutschland"]
[Date "1997.??.??"]
[Round "?.1"]
[White "Shirov, Alexei"]
[Black "Adams, Michael"]
[Result "0-1"]
[WhiteElo "2700"]
[BlackElo "2680"]
[PlyCount "54"]
[EventDate "1997.10.??"]
[EventType "team"]
[EventRounds "15"]
[EventCountry "GER"]
[SourceTitle "Bundesliga 9798"]
[Source "DeepChess"]
[SourceDate "2005.01.01"]
[SourceVersion "1"]
[SourceVersionDate "2005.01.01"]
[SourceQuality "1"]
[WhiteTeam "Dresdner SC 1898"]
[BlackTeam "SG 1868 Aljech. Solingen"]
[WhiteTeamCountry "GER"]
[BlackTeamCountry "GER"]

1. d4 Nf6 2. c4 e6 3. Nc3 Bb4 4. Qc2 O-O 5. a3 Bxc3+ 6. Qxc3 Ne4 7. Qc2 f5 8.
g3 b6 9. Bg2 Bb7 10. e3 c5 11. Ne2 cxd4 12. exd4 Nc6 13. O-O Rc8 14. b4 a5 15.
f3 Nd6 16. c5 Nb5 17. Qc4 Ba6 18. a4 d5 19. cxd6 Ncxd4 20. Qd3 Nc3 21. Qxa6
Ndxe2+ 22. Kh1 axb4 23. Be3 Qxd6 24. f4 b3 25. Rae1 Nd4 26. Bc1 Nc2 27. Re5 Nb4
0-1

[Event "Bundesliga 9798"]
[Site "Deutschland"]
[Date "1997.??.??"]
[Round "?.5"]
[White "Tischbierek, Raj"]
[Black "Gabriel, Christian"]
[Result "1/2-1/2"]
[WhiteElo "2515"]
[BlackElo "2575"]
[PlyCount "48"]
[EventDate "1997.10.??"]
[EventType "team"]
[EventRounds "15"]
[EventCountry "GER"]
[SourceTitle "Bundesliga 9798"]
[Source "DeepChess"]
[SourceDate "2005.01.01"]
[SourceVersion "1"]
[SourceVersionDate "2005.01.01"]
[SourceQuality "1"]
[WhiteTeam "Dresdner SC 1898"]
[BlackTeam "SG 1868 Aljech. Solingen"]
[WhiteTeamCountry "GER"]
[BlackTeamCountry "GER"]

1. e4 e5 2. Nf3 Nc6 3. d4 exd4 4. Nxd4 Nf6 5. Nxc6 bxc6 6. Nd2 d5 7. exd5 cxd5
8. Bb5+ Bd7 9. Bxd7+ Qxd7 10. O-O Be7 11. Nf3 O-O 12. Bg5 Rfe8 13. Qd3 h6 14.
Bh4 Nh5 15. Bxe7 Rxe7 16. g3 Rae8 17. Rfe1 Nf6 18. Rxe7 Rxe7 19. c4 dxc4 20.
Qxc4 Qf5 21. Kg2 Ng4 22. Rc1 Re3 23. Qf4 Qxf4 24. gxf4 Re2 1/2-1/2

[Event "Bundesliga 9798"]
[Site "Deutschland"]
[Date "1997.??.??"]
[Round "?.7"]
[White "Maiwald, Jens Uwe"]
[Black "Chandler, Murray G"]
[Result "1-0"]
[WhiteElo "2450"]
[BlackElo "2555"]
[PlyCount "80"]
[EventDate "1997.10.??"]
[EventType "team"]
[EventRounds "15"]
[EventCountry "GER"]
[SourceTitle "Bundesliga 9798"]
[Source "DeepChess"]
[SourceDate "2005.01.01"]
[SourceVersion "1"]
[SourceVersionDate "2005.01.01"]
[SourceQuality "1"]
[WhiteTeam "Dresdner SC 1898"]
[BlackTeam "SG 1868 Aljech. Solingen"]
[WhiteTeamCountry "GER"]
[BlackTeamCountry "GER"]

1. e4 c5 2. Nf3 Nc6 3. Bb5 g6 4. O-O Bg7 5. Re1 Nf6 6. Bxc6 dxc6 7. d3 O-O 8.
Nc3 Qc7 9. h3 e5 10. Be3 Qe7 11. a3 Rd8 12. Qb1 Nh5 13. b4 cxb4 14. axb4 b5 15.
Qb2 h6 16. Rad1 g5 17. d4 g4 18. Nxe5 gxh3 19. g3 h2+ 20. Kxh2 Qe6 21. Rh1 Nxg3
22. Kxg3 Bxe5+ 23. dxe5 Rxd1 24. Nxd1 Qg4+ 25. Kh2 Kh7 26. Qc1 Be6 27. Bg5 Rg8
28. Qf4 Qh5+ 29. Qh4 Rxg5 30. Qxh5 Rxh5+ 31. Kg2 Rxe5 32. Nc3 Rg5+ 33. Kf3 Rg7
34. Ra1 f6 35. Ra6 Rc7 36. Nxb5 cxb5 37. Rxe6 Rxc2 38. Rxf6 Rb2 39. Kf4 Rxf2+
40. Ke5 Rxf6 $138 1-0

[Event "Bundesliga 9798"]
[Site "Deutschland"]
[Date "1997.??.??"]
[Round "?.8"]
[White "Bischoff, Klaus"]
[Black "Borriss, Martin"]
[Result "1-0"]
[WhiteElo "2535"]
[BlackElo "2430"]
[PlyCount "101"]
[EventDate "1997.10.??"]
[EventType "team"]
[EventRounds "15"]
[EventCountry "GER"]
[SourceTitle "Bundesliga 9798"]
[Source "DeepChess"]
[SourceDate "2005.01.01"]
[SourceVersion "1"]
[SourceVersionDate "2005.01.01"]
[SourceQuality "1"]
[WhiteTeam "SG 1868 Aljech. Solingen"]
[BlackTeam "Dresdner SC 1898"]
[WhiteTeamCountry "GER"]
[BlackTeamCountry "GER"]

1. Nf3 d6 2. d4 Nf6 3. c4 g6 4. Nc3 Bg7 5. e4 O-O 6. Be2 e5 7. O-O Nc6 8. d5
Ne7 9. Ne1 Nd7 10. Nd3 f5 11. f3 Kh8 12. Be3 f4 13. Bf2 g5 14. g4 fxg3 15. hxg3
Ng6 16. Kg2 h5 17. Rh1 h4 18. Qd2 Bf6 19. gxh4 Nf4+ 20. Nxf4 gxf4 21. Rag1 Rg8+
22. Kf1 Rxg1+ 23. Rxg1 Nf8 24. Ke1 Bd7 25. Kd1 Nh7 26. Qe1 a6 27. Kc2 Qe7 28.
a3 Rg8 29. Rxg8+ Kxg8 30. Qh1 Nf8 31. Bf1 Kg7 32. b4 Kh6 33. Bh3 Be8 34. Bc8 c6
35. Bg4 Bf7 36. Qe1 Ng6 37. h5 Nf8 38. c5 Nd7 39. dxc6 bxc6 40. Qd1 d5 41. exd5
e4 42. Bxd7 e3 43. Bh4 Bxh4 44. dxc6 Bxh5 45. Qd6+ Bg6+ 46. Kb3 Qf7+ 47. Be6
Qf6 48. c7 e2 49. Nxe2 Qa1 50. Nc3 Bf6 51. Qxf4+ 1-0

[Event "Bundesliga 9798"]
[Site "Deutschland"]
[Date "1997.??.??"]
[Round "?.3"]
[White "Keitlinghaus, Ludger"]
[Black "Bologan, Viktor"]
[Result "1-0"]
[WhiteElo "2525"]
[BlackElo "2585"]
[PlyCount "103"]
[EventDate "1997.10.??"]
[EventType "team"]
[EventRounds "15"]
[EventCountry "GER"]
[SourceTitle "Bundesliga 9798"]
[Source "DeepChess"]
[SourceDate "2005.01.01"]
[SourceVersion "1"]
[SourceVersionDate "2005.01.01"]
[SourceQuality "1"]
[WhiteTeam "SG Bochum 31"]
[BlackTeam "Dresdner SC 1898"]
[WhiteTeamCountry "GER"]
[BlackTeamCountry "GER"]

1. e4 c5 2. Nf3 Nc6 3. Bb5 e6 4. O-O Nge7 5. c3 a6 6. Ba4 b5 7. Bc2 Bb7 8. Re1
c4 9. b3 Ng6 10. bxc4 bxc4 11. Ba3 Be7 12. Bxe7 Qxe7 13. e5 f6 14. Bxg6+ hxg6
15. d4 Nd8 16. Nbd2 Rc8 17. Rb1 f5 18. Rb4 g5 19. Nxc4 Rxc4 20. Rxc4 g4 21. Nd2
Qh4 22. Nf1 Bd5 23. Rc5 f4 24. Rxd5 exd5 25. Qd3 O-O 26. c4 f3 27. g3 Qh3 28.
Ne3 dxc4 29. Qxc4+ Nf7 30. e6 dxe6 31. Qxe6 Rd8 32. Rd1 Rd6 33. Qxg4 Qxg4 34.
Nxg4 Rb6 35. h4 Rb2 36. Nh2 Rxa2 37. Nxf3 a5 38. Rb1 Nd6 39. Rb6 Ne4 40. Ng5
Nxg5 41. hxg5 Kf7 42. Ra6 a4 43. Kg2 a3 44. Kf3 g6 45. Ke3 Ra1 46. Ke4 a2 47.
Kd5 Ke7 48. Ra7+ Kd8 49. Kd6 Kc8 50. d5 Kb8 51. Ra3 Kb7 52. f4 1-0

[Event "Bundesliga 9798"]
[Site "Deutschland"]
[Date "1997.??.??"]
[Round "?.4"]
[White "Tischbierek, Raj"]
[Black "Ellers, Holger"]
[Result "1-0"]
[WhiteElo "2515"]
[BlackElo "2405"]
[PlyCount "91"]
[EventDate "1997.10.??"]
[EventType "team"]
[EventRounds "15"]
[EventCountry "GER"]
[SourceTitle "Bundesliga 9798"]
[Source "DeepChess"]
[SourceDate "2005.01.01"]
[SourceVersion "1"]
[SourceVersionDate "2005.01.01"]
[SourceQuality "1"]
[WhiteTeam "Dresdner SC 1898"]
[BlackTeam "SG Bochum 31"]
[WhiteTeamCountry "GER"]
[BlackTeamCountry "GER"]

1. e4 e6 2. d4 d5 3. Nc3 Nf6 4. Bg5 dxe4 5. Nxe4 Nbd7 6. Nxf6+ Nxf6 7. Nf3 h6
8. Be3 Nd5 9. Bd2 Be7 10. Be2 O-O 11. O-O c5 12. dxc5 Qc7 13. c4 Nf4 14. Bxf4
Qxf4 15. b4 a5 16. a3 Bf6 17. Rb1 axb4 18. axb4 e5 19. g3 Qf5 20. Qb3 e4 21.
Ne1 Bd7 22. Ng2 Bd4 23. Qd1 Qe5 24. Qd2 Bh3 25. Rfd1 Rfd8 26. Qf4 Qe6 27. Ne3
g5 28. Qc7 Rd7 29. Qb6 Qxb6 30. cxb6 Bxb6 31. c5 Bd8 32. Rxd7 Bxd7 33. Bc4 Kg7
34. Rd1 Bh3 35. Bd5 Ra4 36. Rb1 b6 37. c6 f5 38. Bc4 f4 39. Nd5 Be6 40. Nc3
Bxc4 41. Nxa4 e3 42. fxe3 fxe3 43. Rd1 e2 44. Rd7+ Kf6 45. Kf2 Be7 46. Rxe7 1-0

[Event "Bundesliga 9798"]
[Site "Deutschland"]
[Date "1997.??.??"]
[Round "?.5"]
[White "Backwinkel, Paul"]
[Black "Uhlmann, Wolfgang"]
[Result "0-1"]
[WhiteElo "2395"]
[BlackElo "2485"]
[PlyCount "74"]
[EventDate "1997.10.??"]
[EventType "team"]
[EventRounds "15"]
[EventCountry "GER"]
[SourceTitle "Bundesliga 9798"]
[Source "DeepChess"]
[SourceDate "2005.01.01"]
[SourceVersion "1"]
[SourceVersionDate "2005.01.01"]
[SourceQuality "1"]
[WhiteTeam "SG Bochum 31"]
[BlackTeam "Dresdner SC 1898"]
[WhiteTeamCountry "GER"]
[BlackTeamCountry "GER"]

1. d4 Nf6 2. Nf3 g6 3. Bg5 Bg7 4. Nbd2 c5 5. e3 cxd4 6. exd4 Qb6 7. Nc4 Qc7 8.
Bd3 d6 9. O-O Nc6 10. c3 h6 11. Bxf6 Bxf6 12. Ne3 Bg7 13. Re1 O-O 14. d5 Ne5
15. Bc2 Nxf3+ 16. Qxf3 Bd7 17. g4 b5 18. Qe4 Rfe8 19. Qd3 b4 20. cxb4 Bxb2 21.
Rab1 Bf6 22. h3 Rac8 23. Rec1 Qb7 24. Qd1 Bg5 25. Be4 Rxc1 26. Qxc1 Rc8 27. Qa3
Bf6 28. Qa5 Bd4 29. b5 Kg7 30. Qd2 Qb6 31. Nc2 Be5 32. Nb4 Qa5 33. Qd1 Rc4 34.
Nc6 Bxc6 35. dxc6 Rxe4 36. b6 axb6 37. c7 Rc4 0-1

[Event "Bundesliga 9798"]
[Site "Deutschland"]
[Date "1997.??.??"]
[Round "?.6"]
[White "Maiwald, Jens Uwe"]
[Black "Ankerst, Mihael"]
[Result "0-1"]
[WhiteElo "2450"]
[BlackElo "2350"]
[PlyCount "120"]
[EventDate "1997.10.??"]
[EventType "team"]
[EventRounds "15"]
[EventCountry "GER"]
[SourceTitle "Bundesliga 9798"]
[Source "DeepChess"]
[SourceDate "2005.01.01"]
[SourceVersion "1"]
[SourceVersionDate "2005.01.01"]
[SourceQuality "1"]
[WhiteTeam "Dresdner SC 1898"]
[BlackTeam "SG Bochum 31"]
[WhiteTeamCountry "GER"]
[BlackTeamCountry "GER"]

1. e4 c5 2. Nf3 g6 3. c3 Bg7 4. d4 cxd4 5. cxd4 d5 6. exd5 Nf6 7. Bb5+ Nbd7 8.
d6 exd6 9. Qe2+ Qe7 10. Bf4 Qxe2+ 11. Bxe2 Ke7 12. Nc3 Nb6 13. O-O Be6 14. Rfe1
h6 15. Nb5 Ne8 16. Rac1 Kd7 17. Nc3 a6 18. b3 Nf6 19. Nd2 Nfd5 20. Nxd5 Nxd5
21. Bg3 b5 22. Ne4 f5 23. Nxd6 f4 24. Ne4 fxg3 25. Nc5+ Kd6 26. Nxe6 Kxe6 27.
Bg4+ Kf6 28. Rc6+ Kg5 29. hxg3 Kxg4 30. Rxg6+ Kf5 31. Rxg7 Rhe8 32. Rf7+ Nf6
33. Rd1 Re2 34. a4 bxa4 35. bxa4 Ra2 36. Re1 h5 37. f3 Rxa4 38. g4+ hxg4 39.
fxg4+ Kg6 40. Ree7 Ra1+ 41. Kf2 Nxg4+ 42. Ke2 Rc8 43. Rg7+ Kf5 44. Rgf7+ Nf6
45. g4+ Kg5 46. Re5+ Kg6 47. Ra7 Ra2+ 48. Kd3 Ra3+ 49. Kd2 Rh8 50. Kc2 Rh2+ 51.
Kb1 Rb3+ 52. Kc1 Rc3+ 53. Kb1 Rb3+ 54. Kc1 Ra3 55. Kb1 a5 56. g5 Rb3+ 57. Ka1
Ra3+ 58. Kb1 Ng4 59. Re6+ Kxg5 60. Rea6 Rha2 0-1

[Event "Bundesliga 9798"]
[Site "Deutschland"]
[Date "1997.??.??"]
[Round "?.7"]
[White "Buenermann, Volker"]
[Black "Borriss, Martin"]
[Result "0-1"]
[WhiteElo "2320"]
[BlackElo "2430"]
[PlyCount "98"]
[EventDate "1997.10.??"]
[EventType "team"]
[EventRounds "15"]
[EventCountry "GER"]
[SourceTitle "Bundesliga 9798"]
[Source "DeepChess"]
[SourceDate "2005.01.01"]
[SourceVersion "1"]
[SourceVersionDate "2005.01.01"]
[SourceQuality "1"]
[WhiteTeam "SG Bochum 31"]
[BlackTeam "Dresdner SC 1898"]
[WhiteTeamCountry "GER"]
[BlackTeamCountry "GER"]

1. e4 c5 2. Nf3 d6 3. d4 cxd4 4. Nxd4 Nf6 5. Nc3 Nc6 6. Bc4 Qb6 7. Be3 Qxb2 8.
Ndb5 Qb4 9. Qe2 Qa5 10. Bd2 Qd8 11. Nd5 Nxd5 12. exd5 Ne5 13. Bb3 a6 14. f4 Ng4
15. Nd4 g6 16. Bc3 Bg7 17. O-O-O O-O 18. h3 Nf6 19. g4 Bd7 20. f5 Rc8 21. Bb2
Rc5 22. Qf3 a5 23. a4 b5 24. Nc6 Bxc6 25. dxc6 Qc7 26. Bd4 bxa4 27. Bxc5 axb3
28. Bd4 bxc2 29. Rd2 Bh6 30. Be3 Bxe3 31. Qxe3 Qxc6 32. Rhh2 Ne4 33. Rxc2 Qa4
34. Kd1 d5 35. Ke1 Rb8 36. Rc1 Rb3 37. Qh6 Rb8 38. Rhc2 Nd6 39. fxg6 hxg6 40.
Rc7 Qe4+ 41. Kf1 Qh1+ 42. Ke2 Rb2+ 43. R1c2 Qg2+ 44. Kd3 Qe4+ 45. Kd2 Rxc2+ 46.
Rxc2 Nc4+ 47. Kc3 Qf3+ 48. Kd4 e5+ 49. Kc5 Qa3+ 0-1

[Event "Bundesliga 9798"]
[Site "Deutschland"]
[Date "1997.??.??"]
[Round "?.8"]
[White "Gauglitz, Gernot"]
[Black "Kitte, Sebastian"]
[Result "0-1"]
[WhiteElo "2400"]
[BlackElo "2305"]
[PlyCount "108"]
[EventDate "1997.10.??"]
[EventType "team"]
[EventRounds "15"]
[EventCountry "GER"]
[SourceTitle "Bundesliga 9798"]
[Source "DeepChess"]
[SourceDate "2005.01.01"]
[SourceVersion "1"]
[SourceVersionDate "2005.01.01"]
[SourceQuality "1"]
[WhiteTeam "Dresdner SC 1898"]
[BlackTeam "SG Bochum 31"]
[WhiteTeamCountry "GER"]
[BlackTeamCountry "GER"]

1. d4 Nf6 2. Nf3 e6 3. c4 Bb4+ 4. Bd2 a5 5. g3 d6 6. Bg2 Nbd7 7. O-O e5 8. Nc3
exd4 9. Nxd4 O-O 10. Qc2 Re8 11. Rad1 c6 12. a3 Bc5 13. Bf4 Ne5 14. Na4 Ba7 15.
h3 Ng6 16. Bc1 Qe7 17. e3 Ne4 18. Nc3 f5 19. b3 Bd7 20. Bb2 Rac8 21. Nde2 Bb8
22. Nxe4 fxe4 23. Rd4 d5 24. cxd5 cxd5 25. Qd2 Be6 26. Qxa5 Rc2 27. Nc3 Rxb2
28. Nxd5 Qf7 29. Rxe4 Rf8 30. Nf4 Nxf4 31. exf4 Bd5 32. Rb4 Bxg2 33. Kxg2 Rxb3
34. Rb1 Rxb1 35. Rxb1 Bxf4 36. Qb6 Be5 37. f4 Qd5+ 38. Kh2 Qd2+ 39. Kh1 Qd5+
40. Kh2 Rc8 41. Qb3 Qxb3 42. Rxb3 Rc2+ 43. Kh1 Rb2 44. Rd3 Bf6 45. a4 b6 46.
Rd5 Bc3 47. Rd3 Ba5 48. h4 Rb4 49. Ra3 Kf7 50. Kg2 Rc4 51. h5 h6 52. Kh3 Ke6
53. Kg4 Kd5 54. Kf5 Rc3 0-1

[Event "Bundesliga 9798"]
[Site "Deutschland"]
[Date "1998.??.??"]
[Round "?.1"]
[White "Bologan, Viktor"]
[Black "Lutz, Christopher"]
[Result "1-0"]
[WhiteElo "2585"]
[BlackElo "2590"]
[PlyCount "61"]
[EventDate "1997.10.??"]
[EventType "team"]
[EventRounds "15"]
[EventCountry "GER"]
[SourceTitle "Bundesliga 9798"]
[Source "DeepChess"]
[SourceDate "2005.01.01"]
[SourceVersion "1"]
[SourceVersionDate "2005.01.01"]
[SourceQuality "1"]
[WhiteTeam "Dresdner SC 1898"]
[BlackTeam "SG Porz e.V."]
[WhiteTeamCountry "GER"]
[BlackTeamCountry "GER"]

1. e4 c5 2. Nf3 d6 3. d4 cxd4 4. Nxd4 Nf6 5. Nc3 a6 6. Be3 e5 7. Nb3 Be6 8. f3
Be7 9. Qd2 Nbd7 10. g4 h6 11. O-O-O b5 12. Kb1 Nb6 13. Qf2 Rb8 14. h4 b4 15.
Ne2 Nc4 16. Bc1 a5 17. Ng3 a4 18. Nf5 Bxf5 19. exf5 Nxb2 20. Bxb2 axb3 21. cxb3
Qa5 22. Qd2 Qa7 23. Rh2 Qb7 24. Rf2 Nd7 25. f4 Bxh4 26. Re2 O-O 27. g5 hxg5 28.
Qxd6 Rbd8 29. fxe5 Qf3 30. Red2 Nxe5 31. Qxe5 1-0

[Event "Bundesliga 9798"]
[Site "Deutschland"]
[Date "1998.??.??"]
[Round "?.3"]
[White "Boensch, Uwe"]
[Black "Khalifman, Alexander"]
[Result "1/2-1/2"]
[WhiteElo "2540"]
[BlackElo "2655"]
[PlyCount "44"]
[EventDate "1997.10.??"]
[EventType "team"]
[EventRounds "15"]
[EventCountry "GER"]
[SourceTitle "Bundesliga 9798"]
[Source "DeepChess"]
[SourceDate "2005.01.01"]
[SourceVersion "1"]
[SourceVersionDate "2005.01.01"]
[SourceQuality "1"]
[WhiteTeam "Dresdner SC 1898"]
[BlackTeam "SG Porz e.V."]
[WhiteTeamCountry "GER"]
[BlackTeamCountry "GER"]

1. d4 Nf6 2. c4 c5 3. d5 b5 4. cxb5 a6 5. bxa6 g6 6. Nc3 Bxa6 7. e4 Bxf1 8.
Kxf1 d6 9. Nf3 Bg7 10. g3 O-O 11. Kg2 Nbd7 12. h3 Qa5 13. Re1 Rfb8 14. e5 dxe5
15. Nxe5 Nxe5 16. Rxe5 Rb7 17. Qe2 Raa7 18. Bg5 h6 19. Bxf6 Bxf6 20. Re3 Bd4
21. Rd3 Qb4 22. Rd2 Bxc3 1/2-1/2

[Event "Bundesliga 9798"]
[Site "Deutschland"]
[Date "1998.??.??"]
[Round "?.4"]
[White "Vaganian, Rafael A"]
[Black "Tischbierek, Raj"]
[Result "1-0"]
[WhiteElo "2640"]
[BlackElo "2515"]
[PlyCount "73"]
[EventDate "1997.10.??"]
[EventType "team"]
[EventRounds "15"]
[EventCountry "GER"]
[SourceTitle "Bundesliga 9798"]
[Source "DeepChess"]
[SourceDate "2005.01.01"]
[SourceVersion "1"]
[SourceVersionDate "2005.01.01"]
[SourceQuality "1"]
[WhiteTeam "SG Porz e.V."]
[BlackTeam "Dresdner SC 1898"]
[WhiteTeamCountry "GER"]
[BlackTeamCountry "GER"]

1. Nf3 d5 2. d4 Nc6 3. g3 Bf5 4. Bg2 Nb4 5. Na3 e6 6. O-O Be7 7. c3 Na6 8. b4
c6 9. b5 cxb5 10. Nxb5 Nf6 11. Nh4 Bg4 12. h3 Bh5 13. c4 O-O 14. g4 Bg6 15.
Nxg6 hxg6 16. cxd5 exd5 17. Qb3 Nb4 18. Bf4 a6 19. Nc3 Nc6 20. Qxb7 Nxd4 21.
Rad1 Bc5 22. e3 Ne6 23. Nxd5 Nxf4 24. Nxf4 Qa5 25. g5 Rab8 26. Qf3 Nh7 27. Qg4
Rfd8 28. h4 Bd6 29. Bd5 Nf8 30. h5 Bxf4 31. Qxf4 Rxd5 32. Rxd5 Qxd5 33. Qxb8
Qxg5+ 34. Qg3 Qxh5 35. Rb1 Qd5 36. Rb8 Qc5 37. Rd8 1-0

[Event "Bundesliga 9798"]
[Site "Deutschland"]
[Date "1998.??.??"]
[Round "?.6"]
[White "Stangl, Markus"]
[Black "Maiwald, Jens Uwe"]
[Result "1-0"]
[WhiteElo "2530"]
[BlackElo "2450"]
[PlyCount "103"]
[EventDate "1997.10.??"]
[EventType "team"]
[EventRounds "15"]
[EventCountry "GER"]
[SourceTitle "Bundesliga 9798"]
[Source "DeepChess"]
[SourceDate "2005.01.01"]
[SourceVersion "1"]
[SourceVersionDate "2005.01.01"]
[SourceQuality "1"]
[WhiteTeam "SG Porz e.V."]
[BlackTeam "Dresdner SC 1898"]
[WhiteTeamCountry "GER"]
[BlackTeamCountry "GER"]

1. Nf3 d6 2. d4 Bg4 3. e4 Nf6 4. Nc3 e6 5. Bd3 c6 6. Bg5 Be7 7. h3 Bxf3 8. Qxf3
e5 9. dxe5 dxe5 10. O-O-O Nbd7 11. Ne2 h6 12. Be3 b5 13. Kb1 Qc7 14. g4 Nh7 15.
h4 Nhf8 16. Ng3 Ne6 17. Nf5 Bf8 18. Bf1 g6 19. Ng3 Be7 20. c3 Rd8 21. Bd3 Ndc5
22. Bc2 Rxd1+ 23. Qxd1 Nf4 24. h5 Nce6 25. Bb3 Bg5 26. Qd2 Ke7 27. c4 a6 28.
cxb5 axb5 29. Bxe6 Nxe6 30. hxg6 fxg6 31. Bxg5+ Nxg5 32. Rxh6 Nf3 33. Qb4+ c5
34. Rxh8 cxb4 35. Rh7+ Kd6 36. Rxc7 Kxc7 37. Kc2 Kd6 38. Nf1 Kc5 39. Kd3 Ne1+
40. Kd2 Nf3+ 41. Ke3 Nd4 42. f4 b3 43. axb3 exf4+ 44. Kxf4 Nxb3 45. Ke5 Nc1 46.
Kf6 Nd3 47. e5 Nxb2 48. Nd2 Nd3 49. e6 Nf4 50. e7 Nd5+ 51. Kf7 Nc7 52. Kxg6 1-0

[Event "Bundesliga 9798"]
[Site "Deutschland"]
[Date "1998.??.??"]
[Round "?.7"]
[White "Borriss, Martin"]
[Black "Vogt, Lothar"]
[Result "1/2-1/2"]
[WhiteElo "2430"]
[BlackElo "2515"]
[PlyCount "152"]
[EventDate "1997.10.??"]
[EventType "team"]
[EventRounds "15"]
[EventCountry "GER"]
[SourceTitle "Bundesliga 9798"]
[Source "DeepChess"]
[SourceDate "2005.01.01"]
[SourceVersion "1"]
[SourceVersionDate "2005.01.01"]
[SourceQuality "1"]
[WhiteTeam "Dresdner SC 1898"]
[BlackTeam "SG Porz e.V."]
[WhiteTeamCountry "GER"]
[BlackTeamCountry "GER"]

1. e4 c5 2. Nf3 e6 3. d4 cxd4 4. Nxd4 Nc6 5. Nb5 d6 6. c4 Nf6 7. N1c3 a6 8. Na3
Be7 9. Be2 b6 10. Be3 Bb7 11. O-O O-O 12. Qb3 Nd7 13. Rfd1 Nc5 14. Qc2 Bf6 15.
f3 Be5 16. Qd2 Qh4 17. g3 Qf6 18. Rac1 h6 19. Nab1 Qg6 20. f4 Nxe4 21. Nxe4
Qxe4 22. Bd3 Qf3 23. Be2 Nd4 24. Bxf3 Nxf3+ 25. Kf2 Nxd2 26. Rxd2 Bf6 27. Bxb6
Rac8 28. b3 d5 29. Bd4 dxc4 30. Bxf6 gxf6 31. Rxc4 Bd5 32. Ra4 Rc1 33. Na3 Ra8
34. Nc4 Bc6 35. Rb4 a5 36. Rb6 Bd5 37. Ne3 Be4 38. Ng4 Kg7 39. Ke3 Bg6 40. Rb7
Rh1 41. Rc7 h5 42. Nf2 Rxh2 43. Rdd7 Rg2 44. Kf3 Rg1 45. f5 Bxf5 46. Rxf7+ Kg6
47. Rg7+ Kh6 48. Rgf7 Ra1 49. Rxf6+ Kg5 50. Rff7 Rxa2 51. Ne4+ Bxe4+ 52. Kxe4
Re2+ 53. Kf3 Rb2 54. Rb7 Kg6 55. Rg7+ Kf6 56. Rgf7+ Ke5 57. Rh7 Rf8+ 58. Ke3
Rf5 59. Rh6 Rbf2 60. Rb5+ Kd6 61. Rxh5 R2f3+ 62. Ke4 Rxh5 63. Rxh5 Rxb3 64.
Rxa5 Rxg3 65. Ra6+ Ke7 66. Kf4 Rg6 67. Ra7+ Kf6 68. Ra6 Rg1 69. Rb6 Rh1 70. Rb5
Rh4+ 71. Ke3 Rh1 72. Ra5 Re1+ 73. Kf3 Rb1 74. Ke4 Rb4+ 75. Ke3 e5 76. Ra8 Kf5
1/2-1/2

[Event "Bundesliga 9798"]
[Site "Deutschland"]
[Date "1998.??.??"]
[Round "?.8"]
[White "Hort, Vlastimil"]
[Black "Gauglitz, Gernot"]
[Result "1-0"]
[WhiteElo "2510"]
[BlackElo "2400"]
[PlyCount "73"]
[EventDate "1997.10.??"]
[EventType "team"]
[EventRounds "15"]
[EventCountry "GER"]
[SourceTitle "Bundesliga 9798"]
[Source "DeepChess"]
[SourceDate "2005.01.01"]
[SourceVersion "1"]
[SourceVersionDate "2005.01.01"]
[SourceQuality "1"]
[WhiteTeam "SG Porz e.V."]
[BlackTeam "Dresdner SC 1898"]
[WhiteTeamCountry "GER"]
[BlackTeamCountry "GER"]

1. d4 Nf6 2. c4 g6 3. Nc3 d5 4. Nf3 Bg7 5. Bg5 Ne4 6. Bh4 Nxc3 7. bxc3 dxc4 8.
Qa4+ c6 9. Qxc4 Nd7 10. e4 c5 11. Rb1 O-O 12. Bd3 a6 13. O-O b5 14. Qd5 Ra7 15.
Rfd1 c4 16. Bc2 h6 17. Ne5 Nxe5 18. Qxd8 Rxd8 19. dxe5 Rxd1+ 20. Rxd1 Be6 21.
f4 f5 22. Kf2 Kf7 23. Ke3 a5 24. a3 Bf8 25. Bf2 Rb7 26. Kd2 Bd7 27. Bc5 Ke6 28.
Ke3 h5 29. g3 Rb8 30. exf5+ gxf5 31. Bxf5+ Kxf5 32. Rxd7 Kg4 33. Bxe7 Bxe7 34.
Rxe7 Rd8 35. Rg7+ Kh3 36. e6 Rd3+ 37. Ke2 1-0

[Event "Bundesliga 9798"]
[Site "Deutschland"]
[Date "1998.??.??"]
[Round "?.1"]
[White "Gavrikov, Viktor"]
[Black "Almasi, Zoltan"]
[Result "1/2-1/2"]
[WhiteElo "2575"]
[BlackElo "2615"]
[PlyCount "93"]
[EventDate "1997.10.??"]
[EventType "team"]
[EventRounds "15"]
[EventCountry "GER"]
[SourceTitle "Bundesliga 9798"]
[Source "DeepChess"]
[SourceDate "2005.01.01"]
[SourceVersion "1"]
[SourceVersionDate "2005.01.01"]
[SourceQuality "1"]
[WhiteTeam "SK Passau 1869"]
[BlackTeam "Dresdner SC 1898"]
[WhiteTeamCountry "GER"]
[BlackTeamCountry "GER"]

1. Nf3 Nf6 2. d4 e6 3. g3 b6 4. Bg2 Bb7 5. c4 Be7 6. O-O O-O 7. Re1 d5 8. cxd5
exd5 9. Nc3 Na6 10. b3 c5 11. Bb2 Nc7 12. Rc1 Ne6 13. e3 Re8 14. Ne2 Ne4 15.
Rc2 Ba6 16. Nc3 Rc8 17. dxc5 N6xc5 18. Bf1 Bxf1 19. Rxf1 Nxc3 20. Bxc3 Ne4 21.
Bb2 Bc5 22. Ne5 Rc7 23. Qg4 Nf6 24. Qf5 d4 25. exd4 Bxd4 26. Rd2 Bxb2 27. Rxd8
Rxd8 28. Nc4 Bd4 29. Re1 Rcd7 30. Kg2 g6 31. Qf3 Kg7 32. Ne5 Re7 33. Nc6 Rxe1
34. Nxd8 Bc5 35. g4 h6 36. h4 Re4 37. g5 hxg5 38. hxg5 Rg4+ 39. Kf1 Rxg5 40.
Qb7 Rf5 41. Qxf7+ Kh6 42. Ne6 Rxf2+ 43. Ke1 Be3 44. Nf8 Kg5 45. Qxg6+ Kh4 46.
Qd3 Ng4 47. Ng6+ 1/2-1/2